000 00563nam a2200181Ia 4500
005 20250508162613.0
008 008 250505s9999 xx 000 0 eng d
037 _aTextual
040 _aFEDL
_beng
_cFEDL
041 _aeng
_2eng
084 _a309.230954, IND
_qFEDL
245 0 _aSeventh five year plan 1985-90 .Vol. 2
245 0 _cGovernment of India Planning Commission
260 _aNew Delhi, India
_bGovernment of India Planning Commission
_c1985
300 _a77p.
942 _cTEXL
_h309.230954, IND
999 _c1377587
_d1377587